[Event "U12 Blitz"]
[Site "austriaU12b"]
[Date "2020.12.11"]
[Round "7"]
[White "SimonG08"]
[Black "junglespeed"]
[Result "1-0"]
[WhiteElo "1772"]
[BlackElo "1600"]
[Annotator "NA RC"]
[PlyCount "69"]
[EventDate "2020.12.11"]
[EventType "blitz"]

1. e4 {[%emt 0:00:04]} e5 {[%emt 0:00:02]} 2. Nf3 {[%emt 0:00:01]} Nc6 {[%emt 0:00:01]} 3. Bb5 {[%emt 0:00:01]} a6 {[%emt 0:00:02]} 4. Ba4 {[%emt 0:00:01]} b5 {[%emt 0:00:01]} 5. Bb3 {[%emt 0:00:01]} Bb7 {[%emt 0:00:01]} 6. O-O {[%emt 0:00:01]} Nf6 {[%emt 0:00:01]} 7. d3 {[%emt 0:00:01]} Bc5 {[%emt 0:00:01]} 8. Be3 {[%emt 0:00:01]} Bxe3 {[%emt 0:00:13]} 9. fxe3 {[%emt 0:00:00]} O-O {[%emt 0:00:03]} 10. Nbd2 {[%emt 0:00:03]} Ng4 {[%emt 0:00:03]} 11. Qe2 {[%emt 0:00:12]} d6 {[%emt 0:00:09]} 12. h3 {[%emt 0:00:01]} Nf6 {[%emt 0:00:03]} 13. Rf2 {[%emt 0:00:14]} a5 {[%emt 0:00:02]} 14. a4 {[%emt 0:00:02]} b4 {[%emt 0:00:06]} 15. g4 {[%emt 0:00:06]} d5 {[%emt 0:00:09]} 16. exd5 {[%emt 0:00:04]} Nxd5 {[%emt 0:00:02]} 17. Bxd5 {[%emt 0:00:04]} Qxd5 {[%emt 0:00:02]} 18. e4 {[%emt 0:00:01]} Qc5 {[%emt 0:00:08]} 19. Nc4 {[%emt 0:00:07]} Nd4 {[%emt 0:00:07]} 20. Nxd4 {[%emt 0:00:14]} Qxd4 {[%emt 0:00:02]} 21. Qe3 {[%emt 0:00:10]} Qxb2 {[%emt 0:00:07]} 22. Nxb2 {[%emt 0:00:01]} Rac8 {[%emt 0:00:06]} 23. Nc4 {[%emt 0:00:02]} c5 {[%emt 0:00:02]} 24. Nxa5 {[%emt 0:00:04]} Ba6 {[%emt 0:00:04]} 25. Nc4 {[%emt 0:00:02]} Rfe8 {[%emt 0:00:04]} 26. Qf3 {[%emt 0:00:04]} f6 {[%emt 0:00:02]} 27. Nd6 {[%emt 0:00:03]} Rcd8 {[%emt 0:00:07]} 28. Nxe8 {[%emt 0:00:03]} Rxe8 {[%emt 0:00:00]} 29. g5 {[%emt 0:00:03]} Kf7 {[%emt 0:00:06]} 30. gxf6 {[%emt 0:00:01]} gxf6 {[%emt 0:00:01]} 31. Qxf6+ {[%emt 0:00:02]} Kg8 {[%emt 0:00:02]} 32. Qf7+ {[%emt 0:00:02]} Kh8 {[%emt 0:00:01]} 33. Qxe8+ {[%emt 0:00:03]} Kg7 {[%emt 0:00:01]} 34. Qf7+ {[%emt 0:00:01]} Kh8 {[%emt 0:00:01]} 35. Qf8# {[%emt 0:00:01] Mate Mate} 1-0

[Event "U12 Blitz"]
[Site "austriaU12b"]
[Date "2020.12.11"]
[Round "7"]
[White "Schaf2009"]
[Black "Julian17"]
[Result "1/2-1/2"]
[WhiteElo "1760"]
[BlackElo "1811"]
[Annotator "NA RC"]
[PlyCount "128"]
[EventDate "2020.12.11"]
[EventType "blitz"]

1. d4 {[%emt 0:00:05]} Nf6 {[%emt 0:00:02]} 2. Bf4 {[%emt 0:00:02]} g6 {[%emt 0:00:02]} 3. e3 {[%emt 0:00:01]} Bg7 {[%emt 0:00:01]} 4. c4 {[%emt 0:00:01]} d6 {[%emt 0:00:07]} 5. Nc3 {[%emt 0:00:02]} O-O {[%emt 0:00:03]} 6. Nf3 {[%emt 0:00:02]} Nbd7 {[%emt 0:00:02]} 7. h3 {[%emt 0:00:04]} Nh5 {[%emt 0:00:09]} 8. Bh2 {[%emt 0:00:04]} c5 {[%emt 0:00:08]} 9. Be2 {[%emt 0:00:05]} Qb6 {[%emt 0:00:24]} 10. Qd2 {[%emt 0:00:12]} cxd4 {[%emt 0:00:14]} 11. exd4 {[%emt 0:00:13]} Nhf6 {[%emt 0:00:08]} 12. O-O {[%emt 0:00:06]} Re8 {[%emt 0:00:17]} 13. Rfe1 {[%emt 0:00:11]} Nf8 {[%emt 0:00:02]} 14. Rad1 {[%emt 0:00:17]} Bf5 {[%emt 0:00:04]} 15. Bf1 {[%emt 0:00:09]} Rac8 {[%emt 0:00:04]} 16. Nh4 {[%emt 0:00:25]} Bd7 {[%emt 0:00:08]} 17. Nf3 {[%emt 0:00:06] Schaf2009 offers a draw} a5 {[%emt 0:00:14]} 18. Bf4 {[%emt 0:00:22]} Bc6 {[%emt 0:00:24]} 19. d5 {[%emt 0:00:18]} Bd7 {[%emt 0:00:02]} 20. Be3 {[%emt 0:00:03]} Qc7 {[%emt 0:00:05]} 21. b3 {[%emt 0:00:05]} b6 {[%emt 0:00:13]} 22. Bd4 {[%emt 0:00:09]} Rb8 {[%emt 0:00:05]} 23. a4 {[%emt 0:00:07]} Bc8 {[%emt 0:00:15]} 24. Nb5 {[%emt 0:00:03]} Qd8 {[%emt 0:00:02]} 25. Bd3 {[%emt 0:00:08]} Ba6 {[%emt 0:00:02]} 26. Rc1 {[%emt 0:00:04]} N8d7 {[%emt 0:00:03]} 27. Bf1 {[%emt 0:00:05]} Qc8 {[%emt 0:00:13]} 28. Na7 {[%emt 0:00:04]} Qb7 {[%emt 0:00:01]} 29. Nb5 {[%emt 0:00:01]} Rbc8 {[%emt 0:00:01]} 30. Kh2 {[%emt 0:00:06]} Nc5 {[%emt 0:00:01]} 31. Bxc5 {[%emt 0:00:07]} Rxc5 {[%emt 0:00:00]} 32. Nfd4 {[%emt 0:00:04]} Bxb5 {[%emt 0:00:08]} 33. axb5 {[%emt 0:00:04]} Rc7 {[%emt 0:00:05]} 34. Nc6 {[%emt 0:00:01]} h5 {[%emt 0:00:08]} 35. Bd3 {[%emt 0:00:01]} Kh7 {[%emt 0:00:02]} 36. Re2 {[%emt 0:00:01]} Bh6 {[%emt 0:00:01]} 37. f4 {[%emt 0:00:06]} Ng8 {[%emt 0:00:03]} 38. Rce1 {[%emt 0:00:02]} Qc8 {[%emt 0:00:04]} 39. g3 {[%emt 0:00:08]} Qd7 {[%emt 0:00:03]} 40. Kg2 {[%emt 0:00:01]} Bg7 {[%emt 0:00:01]} 41. Qc2 {[%emt 0:00:01]} Bh8 {[%emt 0:00:04]} 42. Re4 {[%emt 0:00:01]} Bg7 {[%emt 0:00:01]} 43. R4e2 {[%emt 0:00:01]} Kh8 {[%emt 0:00:01]} 44. Re4 {[%emt 0:00:01]} Nf6 {[%emt 0:00:01]} 45. R4e2 {[%emt 0:00:01]} Ng8 {[%emt 0:00:03]} 46. Be4 {[%emt 0:00:01]} h4 {[%emt 0:00:02]} 47. g4 {[%emt 0:00:03]} e6 {[%emt 0:00:01]} 48. Bf3 {[%emt 0:00:02]} e5 {[%emt 0:00:02]} 49. fxe5 {[%emt 0:00:02]} dxe5 {[%emt 0:00:02]} 50. Nxe5 {[%emt 0:00:02]} Bxe5 {[%emt 0:00:04]} 51. Rxe5 {[%emt 0:00:00]} Rxe5 {[%emt 0:00:02]} 52. Rxe5 {[%emt 0:00:00]} Qd6 {[%emt 0:00:01]} 53. Qe4 {[%emt 0:00:01]} Rc8 {[%emt 0:00:02]} 54. Re8 {[%emt 0:00:02]} Rxe8 {[%emt 0:00:02]} 55. Qxe8 {[%emt 0:00:01]} Kg7 {[%emt 0:00:01]} 56. Qe1 {[%emt 0:00:05]} Qf4 {[%emt 0:00:03]} 57. Qxh4 {[%emt 0:00:02]} Qd2+ {[%emt 0:00:01]} 58. Qf2 {[%emt 0:00:01]} Qc3 {[%emt 0:00:02]} 59. d6 {[%emt 0:00:07]} Qd3 {[%emt 0:00:02] Julian17 offers a draw} 60. Bd5 {[%emt 0:00:03]} Nf6 {[%emt 0:00:01]} 61. Qf3 {[%emt 0:00:03]} Qd2+ {[%emt 0:00:03]} 62. Qf2 {[%emt 0:00:01]} Qd3 {[%emt 0:00:02]} 63. Qf3 {[%emt 0:00:01]} Qd2+ {[%emt 0:00:01]} 64. Qf2 {[%emt 0:00:01]} Qd3 {[%emt 0:00:01] Threefold Rep Threefold Rep} 1/2-1/2

[Event "U12 Blitz"]
[Site "austriaU12b"]
[Date "2020.12.11"]
[Round "7"]
[White "Wimmer Michael"]
[Black "Ppe1968"]
[Result "0-1"]
[WhiteElo "1699"]
[BlackElo "1902"]
[Annotator "NA RC"]
[PlyCount "80"]
[EventDate "2020.12.11"]
[EventType "blitz"]

1. e4 {[%emt 0:00:03]} e5 {[%emt 0:00:04]} 2. Nf3 {[%emt 0:00:04]} Nc6 {[%emt 0:00:01]} 3. d4 {[%emt 0:00:03]} exd4 {[%emt 0:00:03]} 4. Nxd4 {[%emt 0:00:00]} Qf6 {[%emt 0:00:01]} 5. Nxc6 {[%emt 0:00:09]} dxc6 {[%emt 0:00:06]} 6. Be3 {[%emt 0:00:06]} Bd7 {[%emt 0:00:38]} 7. Nc3 {[%emt 0:00:03]} Nh6 {[%emt 0:00:10]} 8. h3 {[%emt 0:00:06]} Bb4 {[%emt 0:00:13]} 9. Qd2 {[%emt 0:00:08]} O-O-O {[%emt 0:00:14]} 10. Bd3 {[%emt 0:00:03]} c5 {[%emt 0:00:18]} 11. Bg5 {[%emt 0:00:11]} Qg6 {[%emt 0:00:21]} 12. Bxd8 {[%emt 0:00:06]} Rxd8 {[%emt 0:00:06]} 13. O-O-O {[%emt 0:00:24]} Bc6 {[%emt 0:00:04]} 14. Qe2 {[%emt 0:00:45]} Qe6 {[%emt 0:00:14]} 15. Bc4 {[%emt 0:00:12]} Rxd1+ {[%emt 0:00:04]} 16. Rxd1 {[%emt 0:00:02]} Qe5 {[%emt 0:00:00]} 17. Qd2 {[%emt 0:00:20]} b5 {[%emt 0:00:13]} 18. Qd8+ {[%emt 0:00:17]} Kb7 {[%emt 0:00:00]} 19. Nxb5 {[%emt 0:00:21]} a6 {[%emt 0:00:04]} 20. Bd5 {[%emt 0:00:07]} Bxd5 {[%emt 0:00:17]} 21. Rxd5 {[%emt 0:00:08]} Qf4+ {[%emt 0:00:01]} 22. Kb1 {[%emt 0:00:01]} axb5 {[%emt 0:00:01]} 23. Rd1 {[%emt 0:00:02]} Qxe4 {[%emt 0:00:06]} 24. f3 {[%emt 0:00:03]} Qc6 {[%emt 0:00:03]} 25. a3 {[%emt 0:00:01]} Ba5 {[%emt 0:00:02]} 26. Qd3 {[%emt 0:00:01]} c4 {[%emt 0:00:04]} 27. Qxh7 {[%emt 0:00:02]} Qg6 {[%emt 0:00:11]} 28. Qxg6 {[%emt 0:00:03]} fxg6 {[%emt 0:00:00]} 29. g4 {[%emt 0:00:03]} Kc6 {[%emt 0:00:05]} 30. Kc1 {[%emt 0:00:02]} Bb6 {[%emt 0:00:01]} 31. c3 {[%emt 0:00:01]} Nf7 {[%emt 0:00:04]} 32. f4 {[%emt 0:00:02]} Be3+ {[%emt 0:00:02]} 33. Kc2 {[%emt 0:00:01]} Bxf4 {[%emt 0:00:01]} 34. Rf1 {[%emt 0:00:03]} g5 {[%emt 0:00:01]} 35. h4 {[%emt 0:00:02]} Ne5 {[%emt 0:00:02]} 36. hxg5 {[%emt 0:00:01]} Bxg5 {[%emt 0:00:01]} 37. Rf5 {[%emt 0:00:01]} Bf6 {[%emt 0:00:04]} 38. g5 {[%emt 0:00:01]} Ng4 {[%emt 0:00:01]} 39. Kd2 {[%emt 0:00:04]} Bd8 {[%emt 0:00:08]} 40. Rf4 {[%emt 0:00:01]} Bxg5 {[%emt 0:00:02] Wimmer Michael resigns} 0-1

[Event "U12 Blitz"]
[Site "austriaU12b"]
[Date "2020.12.11"]
[Round "7"]
[White "Engal"]
[Black "Maier Tobias"]
[Result "0-1"]
[WhiteElo "1697"]
[BlackElo "1591"]
[Annotator "NA RC"]
[PlyCount "84"]
[EventDate "2020.12.11"]
[EventType "blitz"]

1. e4 {[%emt 0:00:04]} e5 {[%emt 0:00:03]} 2. Nf3 {[%emt 0:00:01]} Nc6 {[%emt 0:00:02]} 3. d4 {[%emt 0:00:03]} exd4 {[%emt 0:00:03]} 4. Bc4 {[%emt 0:00:01]} f6 {[%emt 0:00:11]} 5. Nxd4 {[%emt 0:00:12]} Bc5 {[%emt 0:00:05]} 6. Be3 {[%emt 0:00:04]} d6 {[%emt 0:00:32]} 7. Nc3 {[%emt 0:00:32]} Nxd4 {[%emt 0:00:04]} 8. Bxd4 {[%emt 0:00:01]} Bxd4 {[%emt 0:00:00]} 9. Qxd4 {[%emt 0:00:01]} c6 {[%emt 0:00:09]} 10. O-O-O {[%emt 0:00:05]} Ke7 {[%emt 0:00:15]} 11. Rhe1 {[%emt 0:00:12]} b5 {[%emt 0:00:14]} 12. Bb3 {[%emt 0:00:09]} c5 {[%emt 0:00:02]} 13. Qd5 {[%emt 0:00:01]} Nh6 {[%emt 0:00:12]} 14. Qxa8 {[%emt 0:00:07]} c4 {[%emt 0:00:05]} 15. Nd5+ {[%emt 0:00:27]} Kf8 {[%emt 0:00:02]} 16. Nf4 {[%emt 0:00:23]} Qd7 {[%emt 0:00:17]} 17. h3 {[%emt 0:00:47]} cxb3 {[%emt 0:00:07]} 18. axb3 {[%emt 0:00:00]} Kf7 {[%emt 0:00:06]} 19. Qd5+ {[%emt 0:00:04]} Kf8 {[%emt 0:00:07]} 20. Qxd6+ {[%emt 0:00:04]} Qxd6 {[%emt 0:00:02]} 21. Rxd6 {[%emt 0:00:00]} Ke7 {[%emt 0:00:03]} 22. Red1 {[%emt 0:00:08]} Nf7 {[%emt 0:00:02]} 23. Rc6 {[%emt 0:00:04]} Bd7 {[%emt 0:00:29]} 24. Rc7 {[%emt 0:00:09]} Rd8 {[%emt 0:00:02]} 25. Nd5+ {[%emt 0:00:04]} Ke6 {[%emt 0:00:07]} 26. Nf4+ {[%emt 0:00:02]} Ke7 {[%emt 0:00:04]} 27. Rxa7 {[%emt 0:00:01]} Ne5 {[%emt 0:00:07]} 28. Rd5 {[%emt 0:00:02]} g5 {[%emt 0:00:07]} 29. Nd3 {[%emt 0:00:01]} Nc6 {[%emt 0:00:06]} 30. Rc7 {[%emt 0:00:02]} Ne5 {[%emt 0:00:10]} 31. Nxe5 {[%emt 0:00:02]} fxe5 {[%emt 0:00:00]} 32. Ra7 {[%emt 0:00:03]} Ke6 {[%emt 0:00:05]} 33. Rc5 {[%emt 0:00:02]} Be8 {[%emt 0:00:04]} 34. Ra6+ {[%emt 0:00:02]} Ke7 {[%emt 0:00:04]} 35. Rc7+ {[%emt 0:00:01]} Kf8 {[%emt 0:00:01]} 36. Rf6+ {[%emt 0:00:02]} Kg8 {[%emt 0:00:02]} 37. Re7 {[%emt 0:00:02]} Bh5 {[%emt 0:00:02]} 38. c3 {[%emt 0:00:07]} Rd1+ {[%emt 0:00:02]} 39. Kc2 {[%emt 0:00:01]} Rd8 {[%emt 0:00:01]} 40. Rxe5 {[%emt 0:00:02]} Bd1+ {[%emt 0:00:01]} 41. Kc1 {[%emt 0:00:02]} Bxb3 {[%emt 0:00:01]} 42. Rxg5+ {[%emt 0:00:02]} Kh8 {[%emt 0:00:01] TimeW} 0-1

[Event "U12 Blitz"]
[Site "austriaU12b"]
[Date "2020.12.11"]
[Round "7"]
[White "BlackKnight158"]
[Black "Robert_III"]
[Result "*"]
[WhiteElo "1680"]
[BlackElo "1644"]
[Annotator "NA"]
[PlyCount "45"]
[EventDate "2020.12.11"]
[EventType "blitz"]

1. Nf3 {[%emt 0:00:07]} d5 {[%emt 0:00:02]} 2. e3 {[%emt 0:00:01]} c5 {[%emt 0:00:02]} 3. c4 {[%emt 0:00:02]} Nf6 {[%emt 0:00:04]} 4. d4 {[%emt 0:00:01]} e6 {[%emt 0:00:06]} 5. Nc3 {[%emt 0:00:02]} Nc6 {[%emt 0:00:04]} 6. b3 {[%emt 0:00:01]} cxd4 {[%emt 0:00:16]} 7. exd4 {[%emt 0:00:06]} Bb4 {[%emt 0:00:04]} 8. Bb2 {[%emt 0:00:04]} dxc4 {[%emt 0:00:09]} 9. Bxc4 {[%emt 0:00:05]} Nd5 {[%emt 0:00:11]} 10. Qc2 {[%emt 0:00:18]} Nxc3 {[%emt 0:00:05]} 11. Bxc3 {[%emt 0:00:04]} Nxd4 {[%emt 0:00:11]} 12. Nxd4 {[%emt 0:00:03]} Qxd4 {[%emt 0:00:07]} 13. Bb5+ {[%emt 0:00:13]} Bd7 {[%emt 0:00:04]} 14. Bxd7+ {[%emt 0:00:02]} Kxd7 {[%emt 0:00:05]} 15. Rd1 {[%emt 0:00:07]} Bxc3+ {[%emt 0:00:08]} 16. Qxc3 {[%emt 0:00:06]} Qxd1+ {[%emt 0:00:03]} 17. Kxd1 {[%emt 0:00:04]} f6 {[%emt 0:00:02]} 18. Ke2 {[%emt 0:00:04]} Rac8 {[%emt 0:00:02]} 19. Rd1+ {[%emt 0:00:02]} Ke7 {[%emt 0:00:01]} 20. Qb4+ {[%emt 0:00:02]} Kf7 {[%emt 0:00:02]} 21. Qxb7+ {[%emt 0:00:02]} Kg6 {[%emt 0:00:01]} 22. Qe4+ {[%emt 0:00:06]} Kf7 {[%emt 0:00:02]} 23. Rd7+ {[%emt 0:00:03] BlackKnight158 reconnected.} *

[Event "U12 Blitz"]
[Site "austriaU12b"]
[Date "2020.12.11"]
[Round "7"]
[White "Marty McFly"]
[Black "Pernerstorfer_Leo"]
[Result "1-0"]
[WhiteElo "1671"]
[BlackElo "1638"]
[Annotator "NA RC"]
[PlyCount "65"]
[EventDate "2020.12.11"]
[EventType "blitz"]

1. e4 {[%emt 0:00:07]} e5 {[%emt 0:00:02]} 2. Nf3 {[%emt 0:00:01]} Nc6 {[%emt 0:00:02]} 3. Bc4 {[%emt 0:00:01]} Bc5 {[%emt 0:00:02]} 4. Nc3 {[%emt 0:00:02]} Nf6 {[%emt 0:00:02]} 5. d3 {[%emt 0:00:02]} d6 {[%emt 0:00:01]} 6. h3 {[%emt 0:00:02]} h6 {[%emt 0:00:01]} 7. O-O {[%emt 0:00:02]} Be6 {[%emt 0:00:02]} 8. Bb3 {[%emt 0:00:02]} O-O {[%emt 0:00:03]} 9. Na4 {[%emt 0:00:01]} Bb6 {[%emt 0:00:07]} 10. Nxb6 {[%emt 0:00:03]} axb6 {[%emt 0:00:00]} 11. Bxe6 {[%emt 0:00:03]} fxe6 {[%emt 0:00:02]} 12. a3 {[%emt 0:00:03]} Ne7 {[%emt 0:00:05]} 13. Nh2 {[%emt 0:00:10]} Ng6 {[%emt 0:00:02]} 14. Ng4 {[%emt 0:00:02]} Nxg4 {[%emt 0:00:14]} 15. Qxg4 {[%emt 0:00:03]} Qf6 {[%emt 0:00:01]} 16. Be3 {[%emt 0:00:29]} b5 {[%emt 0:00:11]} 17. f3 {[%emt 0:00:18]} c6 {[%emt 0:00:03]} 18. Rf2 {[%emt 0:00:01]} d5 {[%emt 0:00:01]} 19. Raf1 {[%emt 0:00:02]} Nf4 {[%emt 0:00:24]} 20. Bxf4 {[%emt 0:00:03]} exf4 {[%emt 0:00:06]} 21. h4 {[%emt 0:00:03]} dxe4 {[%emt 0:00:09]} 22. fxe4 {[%emt 0:00:03]} e5 {[%emt 0:00:01]} 23. g3 {[%emt 0:00:07]} g5 {[%emt 0:00:12]} 24. hxg5 {[%emt 0:00:05]} hxg5 {[%emt 0:00:17]} 25. gxf4 {[%emt 0:00:03]} exf4 {[%emt 0:00:05]} 26. Rxf4 {[%emt 0:00:01]} Qd4+ {[%emt 0:00:05]} 27. R1f2 {[%emt 0:00:04]} Rxf4 {[%emt 0:00:01]} 28. Qxg5+ {[%emt 0:00:02]} Kf7 {[%emt 0:00:03]} 29. Qxf4+ {[%emt 0:00:01]} Ke6 {[%emt 0:00:03]} 30. Qf5+ {[%emt 0:00:02]} Kd6 {[%emt 0:00:04]} 31. Kf1 {[%emt 0:00:02]} Qxb2 {[%emt 0:00:02]} 32. Qf6+ {[%emt 0:00:04]} Kc5 {[%emt 0:00:03]} 33. Qxb2 {[%emt 0:00:02] Pernerstorfer_Leo resigns} 1-0

[Event "U12 Blitz"]
[Site "austriaU12b"]
[Date "2020.12.11"]
[Round "7"]
[White "Julian64"]
[Black "Peter Balint"]
[Result "1-0"]
[WhiteElo "1661"]
[BlackElo "1808"]
[Annotator "NA RC"]
[PlyCount "69"]
[EventDate "2020.12.11"]
[EventType "blitz"]

1. d4 {[%emt 0:00:03]} Nf6 {[%emt 0:00:03]} 2. c4 {[%emt 0:00:01]} g6 {[%emt 0:00:01]} 3. Nc3 {[%emt 0:00:01]} d5 {[%emt 0:00:01]} 4. cxd5 {[%emt 0:00:01]} Nxd5 {[%emt 0:00:01]} 5. e4 {[%emt 0:00:01]} Nxc3 {[%emt 0:00:01]} 6. bxc3 {[%emt 0:00:01]} Bg7 {[%emt 0:00:01]} 7. Nf3 {[%emt 0:00:02]} c5 {[%emt 0:00:02]} 8. Be3 {[%emt 0:00:01]} O-O {[%emt 0:00:04]} 9. Be2 {[%emt 0:00:02]} Nc6 {[%emt 0:00:01]} 10. Rc1 {[%emt 0:00:08]} cxd4 {[%emt 0:00:03]} 11. cxd4 {[%emt 0:00:01]} Qa5+ {[%emt 0:00:01]} 12. Bd2 {[%emt 0:00:06]} Qb6 {[%emt 0:00:13]} 13. d5 {[%emt 0:00:12]} Ne5 {[%emt 0:00:10]} 14. Nxe5 {[%emt 0:00:36]} Bxe5 {[%emt 0:00:02]} 15. Be3 {[%emt 0:00:01]} Qa5+ {[%emt 0:00:01]} 16. Bd2 {[%emt 0:00:01]} Qc7 {[%emt 0:00:03]} 17. Rxc7 {[%emt 0:00:02]} Bxc7 {[%emt 0:00:10]} 18. Bh6 {[%emt 0:00:05]} Rd8 {[%emt 0:00:03]} 19. Qd4 {[%emt 0:00:21]} e5 {[%emt 0:00:05]} 20. Qc4 {[%emt 0:00:07]} Bd6 {[%emt 0:00:03]} 21. O-O {[%emt 0:00:01]} Bd7 {[%emt 0:00:03]} 22. Qb3 {[%emt 0:00:04]} b6 {[%emt 0:00:01]} 23. Bb5 {[%emt 0:00:03]} Bg4 {[%emt 0:00:09]} 24. Bc6 {[%emt 0:00:05]} Rab8 {[%emt 0:00:02]} 25. Qg3 {[%emt 0:00:03]} Bc8 {[%emt 0:00:05]} 26. Qg5 {[%emt 0:00:02]} Ba6 {[%emt 0:00:12]} 27. Qf6 {[%emt 0:00:04]} Bf8 {[%emt 0:00:02]} 28. Bxf8 {[%emt 0:00:03]} Kxf8 {[%emt 0:00:00]} 29. Rc1 {[%emt 0:00:05]} Rbc8 {[%emt 0:00:04]} 30. d6 {[%emt 0:00:04]} Kg8 {[%emt 0:00:03]} 31. Qe7 {[%emt 0:00:06]} Bd3 {[%emt 0:00:11]} 32. d7 {[%emt 0:00:03]} Rb8 {[%emt 0:00:13]} 33. Bb7 {[%emt 0:00:04]} Kg7 {[%emt 0:00:13]} 34. Rc8 {[%emt 0:00:14]} Rxb7 {[%emt 0:00:22]} 35. Qxd8 {[%emt 0:00:05] Peter Balint resigns} 1-0

[Event "U12 Blitz"]
[Site "austriaU12b"]
[Date "2020.12.11"]
[Round "7"]
[White "mario1325"]
[Black "Viktor09"]
[Result "0-1"]
[WhiteElo "1598"]
[BlackElo "1680"]
[Annotator "NA RC"]
[PlyCount "78"]
[EventDate "2020.12.11"]
[EventType "blitz"]

1. d4 {[%emt 0:00:03]} Nf6 {[%emt 0:00:02]} 2. Nc3 {[%emt 0:00:02]} g6 {[%emt 0:00:01]} 3. Bf4 {[%emt 0:00:02]} Bg7 {[%emt 0:00:01]} 4. Nf3 {[%emt 0:00:01]} d6 {[%emt 0:00:01]} 5. e3 {[%emt 0:00:00]} Nc6 {[%emt 0:00:03]} 6. Bb5 {[%emt 0:00:02]} Bd7 {[%emt 0:00:07]} 7. Bxc6 {[%emt 0:00:05]} bxc6 {[%emt 0:00:06]} 8. Bg5 {[%emt 0:00:03]} O-O {[%emt 0:00:01]} 9. Bxf6 {[%emt 0:00:02]} Bxf6 {[%emt 0:00:02]} 10. Ne4 {[%emt 0:00:01]} Bg7 {[%emt 0:00:02]} 11. O-O {[%emt 0:00:02]} Bf5 {[%emt 0:00:07]} 12. Nfg5 {[%emt 0:00:04]} h6 {[%emt 0:00:04]} 13. h3 {[%emt 0:00:23]} hxg5 {[%emt 0:00:03]} 14. Nxg5 {[%emt 0:00:01]} f6 {[%emt 0:00:02]} 15. Nf3 {[%emt 0:00:04]} Kf7 {[%emt 0:00:08]} 16. Nh4 {[%emt 0:00:03]} Be6 {[%emt 0:00:06]} 17. Qf3 {[%emt 0:00:07]} Rh8 {[%emt 0:00:07]} 18. Qg3 {[%emt 0:00:04]} g5 {[%emt 0:00:05]} 19. Nf3 {[%emt 0:00:04]} Qd7 {[%emt 0:00:04]} 20. Nxg5+ {[%emt 0:00:03]} fxg5 {[%emt 0:00:03]} 21. Qxg5 {[%emt 0:00:01]} Bf6 {[%emt 0:00:01]} 22. Qf4 {[%emt 0:00:08]} Rag8 {[%emt 0:00:02]} 23. c3 {[%emt 0:00:08]} Bxh3 {[%emt 0:00:06]} 24. Rfe1 {[%emt 0:00:17]} Rxg2+ {[%emt 0:00:05]} 25. Kf1 {[%emt 0:00:02]} Rg4+ {[%emt 0:00:01]} 26. Ke2 {[%emt 0:00:02]} Rxf4 {[%emt 0:00:01]} 27. exf4 {[%emt 0:00:01]} Qg4+ {[%emt 0:00:01]} 28. Kd2 {[%emt 0:00:00]} Qxf4+ {[%emt 0:00:03]} 29. Kc2 {[%emt 0:00:00]} Bf5+ {[%emt 0:00:01]} 30. Kb3 {[%emt 0:00:00]} Be6+ {[%emt 0:00:01]} 31. Ka3 {[%emt 0:00:02]} d5 {[%emt 0:00:02]} 32. f3 {[%emt 0:00:01]} Qd6+ {[%emt 0:00:01]} 33. Ka4 {[%emt 0:00:05]} c5 {[%emt 0:00:02]} 34. dxc5 {[%emt 0:00:02]} Qa6+ {[%emt 0:00:02]} 35. Kb3 {[%emt 0:00:02]} Qc4+ {[%emt 0:00:02]} 36. Ka3 {[%emt 0:00:03]} Qxc5+ {[%emt 0:00:05]} 37. b4 {[%emt 0:00:01]} Qxc3+ {[%emt 0:00:02]} 38. Ka4 {[%emt 0:00:01]} Bd7+ {[%emt 0:00:01]} 39. Ka5 {[%emt 0:00:03]} Qa3# {[%emt 0:00:02] Mate Mate} 0-1

[Event "U12 Blitz"]
[Site "austriaU12b"]
[Date "2020.12.11"]
[Round "7"]
[White "JoniFei"]
[Black "Uhtred08"]
[Result "0-1"]
[WhiteElo "1525"]
[BlackElo "1466"]
[Annotator "NA"]
[PlyCount "94"]
[EventDate "2020.12.11"]
[EventType "blitz"]

1. e4 {[%emt 0:00:06]} e5 {[%emt 0:00:02]} 2. Nf3 {[%emt 0:00:02]} Nc6 {[%emt 0:00:01]} 3. Bc4 {[%emt 0:00:02]} Bc5 {[%emt 0:00:02]} 4. c3 {[%emt 0:00:02]} Nf6 {[%emt 0:00:04]} 5. d3 {[%emt 0:00:02]} O-O {[%emt 0:00:03]} 6. O-O {[%emt 0:00:02]} d6 {[%emt 0:00:01]} 7. a4 {[%emt 0:00:02]} a5 {[%emt 0:00:04]} 8. Be3 {[%emt 0:00:02]} Bxe3 {[%emt 0:00:05]} 9. fxe3 {[%emt 0:00:02]} Be6 {[%emt 0:00:04]} 10. Nbd2 {[%emt 0:00:02]} d5 {[%emt 0:00:09]} 11. exd5 {[%emt 0:00:06]} Bxd5 {[%emt 0:00:02]} 12. e4 {[%emt 0:00:01]} Bxc4 {[%emt 0:00:03]} 13. Nxc4 {[%emt 0:00:02]} Qd7 {[%emt 0:00:03]} 14. Nfxe5 {[%emt 0:00:01]} Nxe5 {[%emt 0:00:04]} 15. Nxe5 {[%emt 0:00:02]} Qd6 {[%emt 0:00:11]} 16. Nc4 {[%emt 0:00:05]} Qd7 {[%emt 0:00:01]} 17. Qf3 {[%emt 0:00:05]} Rad8 {[%emt 0:00:04]} 18. Rad1 {[%emt 0:00:03]} b5 {[%emt 0:00:04]} 19. axb5 {[%emt 0:00:06]} Qxb5 {[%emt 0:00:01]} 20. e5 {[%emt 0:00:02]} Nd5 {[%emt 0:00:06]} 21. Qg3 {[%emt 0:00:11]} Qc5+ {[%emt 0:00:06]} 22. Kh1 {[%emt 0:00:04]} Rfe8 {[%emt 0:00:11]} 23. Rf5 {[%emt 0:00:05]} a4 {[%emt 0:00:14]} 24. Rg5 {[%emt 0:00:03]} g6 {[%emt 0:00:03]} 25. Rg4 {[%emt 0:00:18]} Nb6 {[%emt 0:00:29]} 26. Nxb6 {[%emt 0:00:04]} cxb6 {[%emt 0:00:07]} 27. Re4 {[%emt 0:00:08]} Rd5 {[%emt 0:00:06]} 28. d4 {[%emt 0:00:32]} Qc4 {[%emt 0:00:07]} 29. Qf2 {[%emt 0:00:03]} Qb3 {[%emt 0:00:05]} 30. Rf4 {[%emt 0:00:03]} Qxd1+ {[%emt 0:00:03]} 31. Qf1 {[%emt 0:00:03]} Qxf1+ {[%emt 0:00:01]} 32. Rxf1 {[%emt 0:00:02]} Rb5 {[%emt 0:00:03]} 33. Rf2 {[%emt 0:00:03]} a3 {[%emt 0:00:04]} 34. b4 {[%emt 0:00:02]} Rd5 {[%emt 0:00:11]} 35. h3 {[%emt 0:00:03]} Ra8 {[%emt 0:00:02]} 36. Ra2 {[%emt 0:00:03]} Kg7 {[%emt 0:00:04]} 37. g4 {[%emt 0:00:02]} f6 {[%emt 0:00:01]} 38. e6 {[%emt 0:00:02]} Rd6 {[%emt 0:00:03]} 39. e7 {[%emt 0:00:03]} Kf7 {[%emt 0:00:01]} 40. Re2 {[%emt 0:00:03]} a2 {[%emt 0:00:04]} 41. e8=Q+ {[%emt 0:00:02]} Rxe8 {[%emt 0:00:02]} 42. Rxa2 {[%emt 0:00:02]} Rde6 {[%emt 0:00:03]} 43. Ra7+ {[%emt 0:00:03]} R8e7 {[%emt 0:00:01]} 44. Ra3 {[%emt 0:00:06]} Re3 {[%emt 0:00:03]} 45. Kg2 {[%emt 0:00:03]} Re2+ {[%emt 0:00:06]} 46. Kg3 {[%emt 0:00:02]} g5 {[%emt 0:00:05]} 47. Ra6 {[%emt 0:00:03]} R7e3# {[%emt 0:00:02] Mate Mate} 0-1